000 00447cam a2200181 4500
001 D12715
008 090401t1909 xxu||||| |||| 00| 0 eng d
035 _a(Sirsi) u5254
041 _aeng
100 _aFarrow, Frederick Richard
245 _aSpecifications for building works and how to write them
250 _a4th
260 _aLondon
_bWhittaker and Co
_c1909
350 _a0
520 _aShelf 115
942 _n0
948 _c04/03/1997
999 _c86150
_d86150